Pojezierza - Statystyki

Ogólne statystyki
  • Ten quiz został rozwiązany 15 razy
  • Średni wynik to 4 z 9
Statystyki odpowiedzi
Hint Odpowiedź % Poprawnych
Hańcza - rodzaj jeziora rynnowe
88%
Hańcza - głębokość jeziora w metrach 108,5
50%
Jeziorak - długość i jednostka 27 km
38%
Jakie gleby tworzą się w zawilgotnionych zagłębieniach terenu czarne ziemie
38%
Nazwa rejonu z czarnymi ziemiami Kujawy
38%
Potoczna nazwa na Pojezierze Litewskie Pojezierze Suwalskie
38%
Nazwa centralnej części Pojezierza Kaszubskiego Szwajcaria Kaszubska
38%
Miejscowość z elektrownią przepływową na Słupii Gałąźnia Mała
25%
Miejscowość z elektrownią przepływową na Brdzie Koronowo
25%
Nie znaleziono quizów pasujących do podanych kryteriów
Rozkład punktacji
Procent ludzi z każdym wynikiem
Percentyl według liczby udzielonych odpowiedzi
Twoja historia wyników
Nie rozwiązałeś tego quizu